Vikram Sarabhai: A Life (Record no. 1051)

MARC details
000 -LEADER
fixed length control field 00372nam a2200157Ia 4500
003 - CONTROL NUMBER IDENTIFIER
control field OSt
005 - DATE AND TIME OF LATEST TRANSACTION
control field 20231214140838.0
008 - FIXED-LENGTH DATA ELEMENTS--GENERAL INFORMATION
fixed length control field 230219s9999 xx 000 0 und d
020 ## - INTERNATIONAL STANDARD BOOK NUMBER
International Standard Book Number 9780143426745
082 ## - DEWEY DECIMAL CLASSIFICATION NUMBER
Classification number 600
Item number SHAV
100 ## - MAIN ENTRY--PERSONAL NAME
Personal name Shah, Amrita
245 #0 - TITLE STATEMENT
Title Vikram Sarabhai: A Life
260 ## - PUBLICATION, DISTRIBUTION, ETC.
Place of publication, distribution, etc. Delhi
Name of publisher, distributor, etc. Penguin Books Limited
Date of publication, distribution, etc. 2016
300 ## - PHYSICAL DESCRIPTION
Extent 248
942 ## - ADDED ENTRY ELEMENTS (KOHA)
Koha item type Book
Source of classification or shelving scheme Dewey Decimal Classification
Holdings
Withdrawn status Lost status Source of classification or shelving scheme Damaged status Not for loan Collection code Home library Current library Shelving location Date acquired Cost, normal purchase price Full call number Barcode Date last seen Price effective from Koha item type Public note
    Dewey Decimal Classification     Non-fiction RIC Library RIC Library General Stacks 02/19/2023 399.00 600 SHAV 000452 02/19/2023 02/19/2023 Book R-10.1

Venue

Rajasthan International Centre
Sansthan Path,JLN Marg, Jaipur- 302017
Phone: +91-7230904025